Dinge die mit O anfangen (Kenshin Edition) - Statistiken

Allgemein
  • Dieses Quiz wurde 246 mal gespielt
    197 seit der letzten Aktualisierung
  • Das Durchschnittsergebnis liegt bei 11 aus 16
Antwortstatistiken
Bildquiz Antwort % Korrekt
Oma
100%
Opel
99%
Orange
99%
Opa
96%
Omelette
92%
Origami
83%
Oman
77%
Oklahoma
74%
Ozelot
68%
Oldtimer
62%
Opossum
61%
Osaka
50%
Oberhausen
45%
Oni
26%
Onigiri
21%
Okinawa
9%
Keine übereinstimmenden Quizze gefunden
Verteilung der Resultate
Anzahl Personen mit jedem Resultat
Perzentil nach korrekt beantworteten Fragen
Ihre Resultats-Entwicklung
Sie haben dieses Quiz seit der letzten Aktualisierung nicht gespielt